000 00434nam a2200193Ia 4500
008 210210b1934 xxu||||| |||| 00| 0 eng d
041 _aeng
082 _a513/35
100 _aDURELL
245 _aElementary calculus Vol II
260 _aLondon
_bG Bell and Sons Limited
_c1934
650 _aVol
650 _aII
650 _aElementary
650 _acalculus
690 _aCalculus
700 _aROBSON
906 _a007315
999 _c139736
_d139736